Statistics for RWBY Trivia Quiz

Click here to take the quiz!

General Stats

  • This quiz has been taken 1,703 times
  • The average score is 10 of 15

Answer Stats

Hint Answer % Correct
Leader of Team RWBYRuby
100%
Third Member of team RWBYBlake
99%
Fouth Member of team RWBYYang
99%
Second Member of team RWBYWeiss
98%
Vomit Boy's Team NameJNPR
86%
Name on gravestone in red trailerSummer Rose
70%
name of huntress and hunter second schoolBeacon
70%
Blake is a.......Faunus
70%
Theme Song Of RWBYThis Will Be The DAy
69%
Yang goes by many whatNAmes
64%
name of huntress and hunter first schoolSignal
58%
"Vomit Boy"Juane
48%
Weiss always wanted what as a childBunkbeds
41%
Rubys weaponCresent Rose
40%
name of monster that attacks ruby in red trailerBeowulf
38%

Score Distribution

Percentile by Number Answered

Percent of People with Each Score

Your Score History

You have not taken this quiz